|
|
|
|
| LEADER |
01704nam a22004335i 4500 |
| 001 |
978-3-7643-8522-4 |
| 003 |
DE-He213 |
| 005 |
20151204143548.0 |
| 007 |
cr nn 008mamaa |
| 008 |
100301s2007 sz | s |||| 0|eng d |
| 020 |
|
|
|a 9783764385224
|9 978-3-7643-8522-4
|
| 024 |
7 |
|
|a 10.1007/978-3-7643-8522-4
|2 doi
|
| 040 |
|
|
|d GrThAP
|
| 050 |
|
4 |
|a QC173.96-174.52
|
| 072 |
|
7 |
|a PHQ
|2 bicssc
|
| 072 |
|
7 |
|a SCI057000
|2 bisacsh
|
| 082 |
0 |
4 |
|a 530.12
|2 23
|
| 100 |
1 |
|
|a Rivasseau, Vincent.
|e author.
|
| 245 |
1 |
0 |
|a Quantum Spaces
|h [electronic resource] :
|b Poincaré Seminar 2007 /
|c by Vincent Rivasseau ; edited by Bertrand Duplantier.
|
| 264 |
|
1 |
|a Basel :
|b Birkhäuser Basel,
|c 2007.
|
| 300 |
|
|
|a XII, 228 p.
|b online resource.
|
| 336 |
|
|
|a text
|b txt
|2 rdacontent
|
| 337 |
|
|
|a computer
|b c
|2 rdamedia
|
| 338 |
|
|
|a online resource
|b cr
|2 rdacarrier
|
| 347 |
|
|
|a text file
|b PDF
|2 rda
|
| 490 |
1 |
|
|a Progress in Mathematical Physics ;
|v 53
|
| 505 |
0 |
|
|a Quantum Hall Effect and Non-commutative Geometry -- Non-commutative Renormalization -- Non-commutative Fluids -- Heisenberg Spin Chains: From Quantum Groups to Neutron Scattering Experiments -- Non-commutative Geometry and the Spectral Model of Space-time.
|
| 650 |
|
0 |
|a Physics.
|
| 650 |
|
0 |
|a Quantum physics.
|
| 650 |
1 |
4 |
|a Physics.
|
| 650 |
2 |
4 |
|a Quantum Physics.
|
| 700 |
1 |
|
|a Duplantier, Bertrand.
|e editor.
|
| 710 |
2 |
|
|a SpringerLink (Online service)
|
| 773 |
0 |
|
|t Springer eBooks
|
| 776 |
0 |
8 |
|i Printed edition:
|z 9783764385217
|
| 830 |
|
0 |
|a Progress in Mathematical Physics ;
|v 53
|
| 856 |
4 |
0 |
|u http://dx.doi.org/10.1007/978-3-7643-8522-4
|z Full Text via HEAL-Link
|
| 912 |
|
|
|a ZDB-2-PHA
|
| 950 |
|
|
|a Physics and Astronomy (Springer-11651)
|